List of Brisbane Broncos players - Statistics

General Stats
  • This quiz has been taken 72 times
  • The average score is 49 of 283
Answer Stats
Hint Answer % Correct
282. Reece Walsh
97%
272. Adam Reynolds
78%
241. Patrick Carrigan
78%
233. Payne Haas
78%
277. Ezra Mam
73%
259. Jordan Riki
73%
271. Billy Walters
70%
175. Ben Hunt
68%
124. David Stagg
68%
265. Selwyn Cobbo
68%
280. Deine Mariner
65%
41. Kevin Walters
65%
235. Kotoni Staggs
65%
198. Corey Oates
62%
127. Karmichael Hunt
62%
17. Kerrod Walters
62%
73. Darren Lockyer
59%
246. Herbie Farnworth
57%
7. Allan Langer
54%
267. Brendan Piakura
54%
6. Wally Lewis
54%
273. Corey Jensen
51%
262. Kobe Hetherington
51%
125. Sam Thaiday
51%
256. Cory Paix
49%
251. Jesse Arthars
49%
208. Anthony Milford
46%
103. Corey Parker
46%
239. Thomas Flegler
46%
138. Darius Boyd
43%
71. Shane Webcke
43%
247. Xavier Coates
43%
97. Justin Hodges
41%
266. Xavier Willison
41%
169. Alex Glenn
38%
81. Gorden Tallis
38%
64. Wendell Sailor
38%
186. Jack Reed
35%
229. Jamayne Isaako
35%
268. Kurt Capewell
35%
191. Luke Capewell
35%
86. Petero Civoniceva
35%
3. Chris Johns
32%
70. Darren Smith
32%
236. David Fifita
32%
36. Steve Renouf
32%
122. Barry Berrigan
30%
54. Glenn Lazarus
30%
283. Jock Madden
30%
210. Kodi Nikorima
30%
156. PJ Marsh
30%
90. Shaun Berrigan
30%
160. Andrew McCullough
27%
226. Benji Marshall
27%
66. Brad Thorn
27%
215. James Roberts
27%
249. Keenan Palasia
27%
181. Matt Gillett
27%
269. Ryan James
27%
242. Thomas Dearden
27%
270. Tyrone Roberts
27%
263. Albert Kelly
24%
72. Ben Walker
24%
107. Brent Tate
24%
252. Brodie Croft
24%
88. Chris Walker
24%
4. Gene Miles
24%
193. Jarrod Wallace
24%
281. Martin Taupau
24%
151. Mick Roberts
24%
155. Peter Wallace
24%
78. Shane Walker
24%
276. Te Maire Martin
24%
168. Ben Te'o
22%
74. Brett Green
22%
238. Gehamat Shibasaki
22%
166. Jharal Yow Yeh
22%
131. Paul Green
22%
221. Tevita Pangai Junior
22%
33. Andrew Gee
19%
214. Ashley Taylor
19%
274. Brenko Lee
19%
95. Carl Webb
19%
108. Casey McGuire
19%
1. Colin Scott
19%
150. Denan Kemp
19%
79. Dennis Scott
19%
111. Elia Tuqiri
19%
43. Gavin Allen
19%
165. Israel Folau
19%
231. Jack Bird
19%
237. Jake Turpin
19%
253. Jamil Hopoate
19%
220. Jaydn Su'a
19%
47. John Plath
19%
171. Josh McGuire
19%
10. Keith Gee
19%
87. Lote Tuqiri
19%
5. Michael Hancock
19%
83. Phillip Lee
19%
102. Stuart Kelly
19%
76. Tonie Carroll
19%
206. Adam Blair
16%
201. Ben Barba
16%
145. David Taylor
16%
275. Delouise Hoeter
16%
219. Jai Arrow
16%
230. Matthew Lodge
16%
82. Michael De Vere
16%
140. Michael Ennis
16%
77. Robbie Ross
16%
101. Scott Prince
16%
264. TC Robati
16%
45. Willie Carne
16%
42. Alan Cann
14%
158. Ashton Sims
14%
141. Ben Hannant
14%
9. Brett Le Man
14%
23. Brett Plowman
14%
178. Corey Norman
14%
91. Dane Carlaw
14%
57. Darren Plowman
14%
92. Harvey Howard
14%
197. Jake Granville
14%
2. Joe Kilroy
14%
209. Joe Ofahengaue
14%
196. Jordan Kahu
14%
278. Jordan Pereira
14%
62. Kieran Meyer
14%
225. Korbin Sims
14%
15. Mark Hohn
14%
8. Terry Matterson
14%
255. Tesi Niu
14%
48. Trevor Gillmeister
14%
258. Tyson Gamble
14%
80. Anthony Mundine
11%
164. Antonio Winterstein
11%
26. Brook Kennedy
11%
61. Chris McKenna
11%
174. Dale Copley
11%
40. Dale Shearer
11%
187. Dane Gagai
11%
104. Darren Burns
11%
254. Ethan Bullemor
11%
11. Greg Dowling
11%
176. Guy Williams
11%
257. Issac Luke
11%
51. Julian O'Neill
11%
192. Lachlan Maranta
11%
89. Luke Priddis
11%
203. Martin Kennedy
11%
106. Michael Ryan
11%
180. Mitchell Dodds
11%
44. Paul Hauff
11%
37. Peter Jackson
11%
53. Peter Ryan
11%
154. Reece Robinson
11%
248. Rhys Kennedy
11%
38. Scott Tronc
11%
245. Sean O'Sullivan
11%
184. Shane Tronc
11%
153. Alwyn Simpson
8%
93. Ben Ikin
8%
202. Daniel Vidot
8%
143. Fraser Anderson
8%
24. Gary French
8%
173. Gerard Beale
8%
12. Greg Conescu
8%
243. James Segeyaro
8%
162. Josh Hoffman
8%
84. Kevin Campion
8%
113. Nick Parfitt
8%
67. Paul Morris
8%
30. Sam Backo
8%
179. Scott Anderson
8%
114. Scott Minto
8%
139. Shane Perry
8%
75. Steele Retchless
8%
135. Steven Michaels
8%
222. Tom Opacic
8%
20. Andrew Tessmann
5%
134. Berrick Barnes
5%
98. Brad Meyers
5%
21. Brad Tessmann
5%
63. Brett Galea
5%
112. Brett Seymour
5%
13. Bryan Niebling
5%
60. Butch Fatnowna
5%
121. Craig Frawley
5%
29. Craig Teevan
5%
261. Danny Levi
5%
227. David Mead
5%
205. Francis Molo
5%
28. Grant Rix
5%
137. Greg Eastwood
5%
216. Greg Eden
5%
217. Herman Ese'ese
5%
142. Ian Lacey
5%
207. James Gavet
5%
157. Joel Clinton
5%
144. Joel Moon
5%
260. John Asiata
5%
69. John Driscoll
5%
133. Leon Bott
5%
128. Motu Tony
5%
116. Nathan Friend
5%
136. Nick Kenny
5%
18. Rohan Teevan
5%
25. Shane Duffy
5%
240. Shaun Fensom
5%
65. Sid Domic
5%
132. Tame Tupou
5%
224. Tautau Moga
5%
204. Todd Lowrie
5%
129. Tom Learoyd-Lahrs
5%
49. Willie Morganson
5%
94. Ashley Harrison
3%
130. Ben Czislowski
3%
16. Billy Noke
3%
14. Craig Grauf
3%
99. Damon Keating
3%
96. Darren Mapp
3%
177. David Hala
3%
228. George Fai
3%
34. Grant Graving
3%
39. Grant Thorogood
3%
32. James Donnelly
3%
59. Jason Erba
3%
50. Jason Hanrahan
3%
212. Joe Boyce
3%
148. John Te Reo
3%
223. Jonus Pearson
3%
200. Jordan Drew
3%
163. Kaine Manihera
3%
35. Ken Gittens
3%
213. Matt Parcell
3%
185. Michael Spence
3%
211. Mitch Garbutt
3%
234. Patrick Mago
3%
55. Pat Savage
3%
22. Peter Benson
3%
244. Richard Kennar
3%
120. Richard Swain
3%
115. Robert Tanielu
3%
68. Russell Bawden
3%
232. Sam Tagataese
3%
56. Shaun Keating
3%
110. Steve Irwin
3%
118. Steve Lacaze
3%
31. Tony Currie
3%
218. Travis Waddell
3%
279. Zac Hosking
3%
167. Aaron Gorrell
0%
195. Aaron Whitchurch
0%
100. Adam Warwick
0%
149. Andrew Lomu
0%
147. Ben Vaeau
0%
46. Bob Conway
0%
194. Brendon Gibb
0%
152. Clifford Manua
0%
85. Danny Bampton
0%
19. David Bourke
0%
159. Derrick Watkins
0%
183. Dunamis Lui
0%
161. Isaak Ah Mau
0%
250. Izaia Perese
0%
117. Kris Kahler
0%
188. Kurt Baptiste
0%
170. Lagi Setu
0%
199. Lama Tasi
0%
105. Mark Corvo
0%
109. Michael Coorey
0%
182. Mitch Rivett
0%
119. Neale Wyatt
0%
126. Neville Costigan
0%
146. Nick Emmett
0%
190. Nick Slyney
0%
172. Palmer Wapau
0%
52. Paul Iles
0%
27. Ray Herring
0%
58. Scott Blacker
0%
189. Shea Moylan
0%
123. Tony Duggan
0%
No matching quizzes found
Score Distribution
Percent of People with Each Score
Percentile by Number Answered
Your Score History
You have not taken this quiz